Statistics for Major Cities Closest to Asia

Click here to take the quiz!

General Stats

  • This quiz has been taken 65 times
  • The average score is 15 of 20

Answer Stats

kmCitymi% Correct
116Cairo72
98%
190Athens118
95%
0Istanbul0
93%
1256Moscow781
93%
455Bucharest277
88%
1177Kiev731
88%
502Sofia312
88%
228Alexandria142
84%
978Khartoum608
79%
1167Rome725
78%
648Addis Ababa403
76%
1063Budapest660
76%
1182Mogadishu734
69%
1411Minsk877
66%
1366Warsaw894
66%
1270Vienna789
64%
1013Naples629
62%
767Kharkiv477
38%
895Nizhny Novgorod556
34%
1275Katowice792
17%

Score Distribution

Percentile by Number Answered

Percent of People with Each Score

Your Score History

You have not taken this quiz